1796 1956 1881 1000 1784 1604 1649 1034 1696 1925 1849 1306 1630 1764 1522 1943 1290 1261 1199 1685 1666 1985 1938 1381 1894 1501 1072 1599 1270 1708 1705 1110 1550 1164 1633 1733 1138 1615 1736 1710 1302 1372 1018 1078 1333 1081 1437 1032 1563 1736 1047 1496 1186 1262 1106 1552 1183 1783 1895 1492 1647 1266 1766 1071 1496 1525 1276 1730 1130 1384 1965 1645 1861 1350 1289 1983 1415 1020 1548 1509 1899 1588 1054 1637 1310 1422 1959 1422 1496 1573 1614 1721 1806 1209 1834 1398 1752 1908 1304 BCNSPRNW ULIB Ver.6.0+V

เปลี่ยนเป็นภาษาไทย

Change to English
 แสดงรายละเอียดบรรณานุกรม
  กลับหน้าหลัก

Brief Record : Get Marc (ISO 2709) : E-mail record : QR code < ปิดหน้าต่าง
LEADER : 00000nam 2200000uu 4500
001    13399122657
003     ULIB
008    020711s2555 th a 000 0 tha d
020    9786167572758
090    นว.^bธ111ล
100    ธนฐา
110    ทัช
245    เล่ห์ร้ายใต้รอยรัก /^cธนฐา
260    นนทบุรี :^bทัช,^c2555
300    232 หน้า
945    ^p160^l0^i20113
999    ^aทศพร เกษรทอง
รายการนี้ยังไม่มีแท็ก
คุณยังไม่ได้ล็อกอิน คุณสามารถมีกิจกรรมร่วมกับเว็บไซต์ได้ แต่ต้องล็อกอินก่อน ::
  ล็อกอิน

รายการสื่อสารสนเทศ

ลำดับที่ ประเภท เลขเรียก/บาร์โค้ด สถานที่ สถานะ
1. นวนิยาย
นวนิยาย
นว. ธ111ล ฉ.1 
  Barcode: 20113
ห้องสมุดวิทยาเขตนครสวรรค์
►นวนิยาย:l:Fiction
บนชั้น

BibComment


ยังไม่เคยถูกคอมเมนท์

คอมเมนท์ทรัพยากรรายการนี้
  คอมเมนท์: เล่ห์ร้ายใต้รอยรั..


 Copyright 2026. Bcnsprnw @Library